000 01337nam a2200313Ia 4500
001 ebr10055155
003 CaPaEBR
006 m u
007 cr cn|||||||||
008 040428s2004 dcua sb 000 0 eng d
010 _z 2004101858
020 _z0309091365 (Book)
020 _z0309529808 (PDF)
040 _aCaPaEBR
_cCaPaEBR
035 _a(OCoLC)55636198
050 1 4 _aTE228.3
_b.W54 2004eb
245 0 0 _aWhere the weather meets the road
_h[electronic resource] :
_ba research agenda for improving road weather service.
246 3 0 _aResearch agenda for improving road weather service
260 _aWashington, D.C. :
_bNational Academies Press,
_cc2004.
300 _axiv, 174 p. :
_bill. (some col.)
504 _aIncludes bibliographical references (p. 157-161).
533 _aElectronic reproduction.
_bPalo Alto, Calif. :
_cebrary,
_d2009.
_nAvailable via World Wide Web.
_nAccess may be limited to ebrary affiliated libraries.
650 0 _aHighway communications
_zUnited States.
650 0 _aWeather forecasting
_zUnited States.
650 0 _aIntelligent transportation systems
_zUnited States.
655 7 _aElectronic books.
_2local
710 2 _aebrary, Inc.
856 4 0 _uhttp://site.ebrary.com/lib/rucke/Doc?id=10055155
_zAn electronic book accessible through the World Wide Web; click to view
999 _c177589
_d177589